Kur'an ansiklopedisi / (Record no. 14468)

MARC details
000 -BAŞLIK
Sabit Uzunlukta Kontrol Alanı 00819nam a22002897a 4500
999 ## - SİSTEM KONTROL NUMARALARI (KOHA)
Koha Biblionumber 14468
Koha Biblioitemnumber 14468
003 - KONTROL NUMARASI IDENTIFIER
Denetim Alanı MIRAKIL
005 - SON İŞLEM TARİHİ VE ZAMANI
Denetim Alanı 20210806113929.0
008 - SABİT-BOY VERİ ELEMANLARI - GENEL BİLGİLER
Sabit Uzunlukta Kontrol Alanı 210806b tu ||||| |||| 00| 0 tur d
020 ## - ULUSLARARASI STANDART KİTAP NUMARASI
Uluslararası Standart Kitap Numarası 9753430663 (Tk.)
020 ## - ULUSLARARASI STANDART KİTAP NUMARASI
Uluslararası Standart Kitap Numarası 9753430671 (1.c.)
020 ## - ULUSLARARASI STANDART KİTAP NUMARASI
Uluslararası Standart Kitap Numarası 9753430698 (2.c.)
020 ## - ULUSLARARASI STANDART KİTAP NUMARASI
Uluslararası Standart Kitap Numarası 975343071X (3.c.)
020 ## - ULUSLARARASI STANDART KİTAP NUMARASI
Uluslararası Standart Kitap Numarası 9753430728 (4.c.)
020 ## - ULUSLARARASI STANDART KİTAP NUMARASI
Uluslararası Standart Kitap Numarası 9753430736 (5.c.)
020 ## - ULUSLARARASI STANDART KİTAP NUMARASI
Uluslararası Standart Kitap Numarası 9753430787 (6.c.)
020 ## - ULUSLARARASI STANDART KİTAP NUMARASI
Uluslararası Standart Kitap Numarası 9753430795 (7.c.)
020 ## - ULUSLARARASI STANDART KİTAP NUMARASI
Uluslararası Standart Kitap Numarası 9753430809 (8.c.)
040 ## - KATALOGLAMA KAYNAK
Orijinal Kataloglama Ajansı TR-AnCHP
Metne Dönüştürmek Ajansı TR-AnCHP
041 ## - DİL KODU
Metin / Ses Parça Veya Ayrı Başlığın Dil Kodu Tur
082 ## - DEWEY ONLU SINIFLANDIRMA NUMARASI
Sınıflandırma Numarası 297.122
Ürün Numarası K86 1994
245 10 - BAŞLIK TABLOSU
Başlık Kur'an ansiklopedisi /
Sorumluluk Tablosu, Vb hazırlayan: Turan Dursun
260 ## - YAYIN, DAĞITIM, VB
Yayın, Dağıtım, Vb Yeri İstanbul :
Yayıncı, Dağıtıcı, Vs Adı Kaynak Yayınları,
Yayın, Dağıtım, Vb Tarihi 1994.
300 ## - FİZİKSEL TANIM
Kapsam c.:
Boyutlar 24 sm.
650 #0 - KONU KATMA GİRİŞ - TOPİKAL DÖNEM
9 (RLIN) 513
Topikal Süreli Veya Coğrafi Ad Giriş Elemanı İslam dini
Genel Alt Bölümü Kuran-ı Kerim
700 ## - KATMA GİRİŞ - KİŞİSEL İSİM
9 (RLIN) 6723
Kişisel Ad Dursun, Turan
Relator Terim haz.
942 ## - EKLENDİ GİRİŞ ELEMANLARI (KOHA)
Sınıflandırma Veya Raf Düzeni Kaynak Dewey Decimal Classification
Koha Öğesi Türü Books
Holdings
Kalıcı Konum Mevcut Konum Edinme Tarihi Toplam Check-Out'Lar Tam Çağrı Numarası Barkod Tarih Son Görülme Kopya Sayısı İtibaren Geçerli Fiyatlar Sigara Kamu Notu Koha Öğesi Türü
CHP Kütüphanesi CHP Kütüphanesi 08/06/2021   DAN 297.122 K86 1994 019957 08/06/2021 c.1 08/06/2021 Emin Değer Bağışıdır. Books
CHP Kütüphanesi CHP Kütüphanesi 08/06/2021   DAN 297.122 K86 1994 019958 08/06/2021 c.2 08/06/2021 Emin Değer Bağışıdır. Books
CHP Kütüphanesi CHP Kütüphanesi 08/06/2021   DAN 297.122 K86 1994 019959 08/06/2021 c.3 08/06/2021 Emin Değer Bağışıdır. Books
CHP Kütüphanesi CHP Kütüphanesi 08/06/2021   DAN 297.122 K86 1994 019960 08/06/2021 c.4 08/06/2021 Emin Değer Bağışıdır. Books
CHP Kütüphanesi CHP Kütüphanesi 08/06/2021   DAN 297.122 K86 1994 019961 08/06/2021 c.5 08/06/2021 Emin Değer Bağışıdır. Books
CHP Kütüphanesi CHP Kütüphanesi 08/06/2021   DAN 297.122 K86 1994 019962 08/06/2021 c.6 08/06/2021 Emin Değer Bağışıdır. Books
CHP Kütüphanesi CHP Kütüphanesi 08/06/2021   DAN 297.122 K86 1994 019963 08/06/2021 c.7 08/06/2021 Emin Değer Bağışıdır. Books
CHP Kütüphanesi CHP Kütüphanesi 08/06/2021   DAN 297.122 K86 1994 019964 08/06/2021 c.8 08/06/2021 Emin Değer Bağışıdır. Books